000
00203 a2200097 4500
001
6911
100
_a
Nuffield Foundation
245
_a
Phtsics-question Book
260
_a
_b
Lon
_c
090
_c
5713
_d
5713
942
_a
NUST-CAE
_c
M
_c
32171
999
_c
241984
_d
241984